| 000 | 00653nam a22001337a 4500 | ||
|---|---|---|---|
| 040 | _cRUA | ||
| 082 | _aVEM SOE 2024 B1-330 Or. | ||
| 100 | _aSOEURNG KEALENG,សឿង គាឡេង | ||
| 245 | _aGASTROINTESTINAL PARASITES IN SWINE AT LVEA EAM DISTRICT, KANDAL PROVINCE,បរាសិតក្នុងក្រពះពោះវៀនជ្រូក នៅកសិដ្ឋាន ក្នុងស្រុកល្វាឯម ខេត្តកណ្តាល | ||
| 260 |
_aphnom penh _brua _c2024 |
||
| 300 |
_aix.32p. _bill. _c29cm. |
||
| 856 | _uhttps://drive.google.com/file/d/1wgHNZhQJaJ9s8ThqPcwfxAWtFU7GqgSg/view?usp=sharing | ||
| 942 | _cVEM | ||
| 999 |
_c24751 _d24751 |
||